De San Agustín a Bergson

Gespeichert in:
Bibliographische Detailangaben
1. Verfasser: Korn, Alejandro
Format: Buch
Sprache:Undetermined
Veröffentlicht: Buenos Aires, Argentina Nova 1959
Schlagworte:
Tags: Tag hinzufügen
Keine Tags, Fügen Sie den ersten Tag hinzu!

MARC

LEADER 00000nam a2200000Ia 4500
008 170316s9999 xx 000 0 und d
090 |a 100 K-21d 
100 |a Korn, Alejandro 
245 |a De San Agustín a Bergson 
260 |a Buenos Aires, Argentina 
260 |b Nova 
260 |c 1959 
300 |a 160 páginas 
650 |a FILOSOFÍA - ANTOLOGÍA 
999 |c 16673  |d 16673 
040 |a cru BVZT 
942 |c 15 D  |h 100 K-21d  |2 z